[Event "Muensterland Verbandsklasse Gr1 2223"]
[Site "Germany"]
[Date "2023.01.28"]
[Round "4.6"]
[White "Wichmann, Norbert"]
[Black "Robeling, Stephan"]
[Result "0-1"]
[WhiteElo "1720"]
[BlackElo "1732"]
[PlyCount "98"]
[EventDate "2022.09.17"]
[EventType "team-tourn"]
[EventRounds "5"]
[EventCountry "GER"]
[SourceTitle "EXT 2024"]
[Source "ChessBase"]
[SourceDate "2023.10.10"]
[SourceVersion "1"]
[SourceVersionDate "2023.10.10"]
[SourceQuality "1"]
[WhiteTeam "Muenster Indische Dame"]
[BlackTeam "Bocholt II"]
[WhiteTeamCountry "GER"]
[BlackTeamCountry "GER"]

1. d4 Nf6 2. c4 e6 3. Nf3 b6 4. g3 Bb7 5. Bg2 Bb4+ 6. Bd2 a5 7. 0-0 0-0 8. a3 Be7 9. Nc3 d6 10. b4 axb4 11. axb4 Nbd7 12. Qc2 c5 13. bxc5 bxc5 14. Rab1 Rb8 15. e4 cxd4 16. Nxd4 Ne5 17. Qa2 Qc8 18. Qa7 Nxc4 19. Be1 d5 20. Qa2 dxe4 21. Nd1 Rd8 22. Bc3 Bd5 23. Rxb8 Qxb8 24. Qe2 Bb4 25. Nc6 Bxc6 26. Bxf6 gxf6 27. Qxc4 Bd5 28. Qe2 Qe5 29. Ne3 f5 30. Qh5 Qf6 31. Rd1 Bc5 32. Nxd5 exd5 33. Bh3 e3 34. Bxf5 exf2+ 35. Kg2 h6 36. h4 Be3 37. Qf3 Qe5 38. Bd3 Rb8 39. Be2 d4 40. Bc4 Qc7 41. Qg4+ Kh8 42. Qf5 Qxc4 43. Qe5+ Kh7 44. Qxb8 Qd5+ 45. Kh2 Qf3 46. Qb1+ f5 47. Qd3 Kg7 48. Qf1 f4 49. gxf4 Bxf4# 0-1

[Event "Muensterland Verbandsliga 1516"]
[Site "Germany"]
[Date "2016.03.05"]
[Round "7.6"]
[White "Robeling, Stephan"]
[Black "Rickert, Berthold"]
[Result "1-0"]
[WhiteElo "1869"]
[BlackElo "1803"]
[PlyCount "29"]
[EventDate "2015.09.12"]
[EventType "team"]
[EventRounds "9"]
[EventCountry "GER"]
[SourceTitle "EXT 2017"]
[Source "ChessBase"]
[SourceDate "2016.10.25"]
[SourceVersion "1"]
[SourceVersionDate "2016.10.25"]
[SourceQuality "1"]
[WhiteTeam "Bocholt"]
[BlackTeam "Borken"]
[WhiteTeamCountry "GER"]
[BlackTeamCountry "GER"]

1. d4 g6 2. Nf3 Bg7 3. c4 d6 4. Bf4 Nd7 5. Nc3 c5 6. e3 Ngf6 7. h3 0-0 8. Be2 b6 9. 0-0 Bb7 10. Qc2 a6 11. Rad1 Qc7 12. Rd2 Rfe8 13. d5 Nh5 14. Bh2 Bh6 15. g4 1-0

[Event "Muensterland Regionalliga 1314"]
[Site "Germany"]
[Date "2014.05.03"]
[Round "9.6"]
[White "Robeling, Stephan"]
[Black "Da Costa Campos, Andre"]
[Result "0-1"]
[WhiteElo "1920"]
[BlackElo "1937"]
[PlyCount "122"]
[EventDate "2013.09.07"]
[EventType "team-tourn"]
[EventRounds "9"]
[EventCountry "GER"]
[SourceTitle "EXT 2015"]
[Source "ChessBase"]
[SourceDate "2014.11.20"]
[SourceVersion "1"]
[SourceVersionDate "2014.11.20"]
[SourceQuality "1"]
[WhiteTeam "Bocholt"]
[BlackTeam "Nienberge"]
[WhiteTeamCountry "GER"]
[BlackTeamCountry "GER"]

1. d4 Nf6 2. Nf3 d5 3. c4 e6 4. Nc3 c5 5. cxd5 exd5 6. g3 Nc6 7. Bg2 Be6 8. 0-0 Be7 9. Bg5 h6 10. Bf4 0-0 11. Rc1 a6 12. dxc5 Bxc5 13. Na4 Ba7 14. Ne5 Rc8 15. Nxc6 Rxc6 16. Rxc6 bxc6 17. Qc2 Qa5 18. Bd2 Qb5 19. e3 Rc8 20. Bc3 Nd7 21. Rd1 Qc4 22. Bf1 Qxa2 23. Bb4 c5 24. Bxa6 Rb8 25. Ba3 Qb3 26. Qxb3 Rxb3 27. Bc8 Ne5 28. Bxe6 fxe6 29. Bxc5 Bxc5 30. Nxc5 Rb6 31. Rb1 Nf3+ 32. Kg2 Nd2 33. Rd1 Rxb2 34. Nxe6 Ne4 35. Rxd5 Rxf2+ 36. Kg1 Re2 37. Rd3 Nf2 38. Rd7 Nh3+ 39. Kf1 Rxe3 40. Nxg7 Ra3 41. Kg2 Ng5 42. h4 Ra2+ 43. Kf1 Ra1+ 44. Ke2 Ra2+ 45. Ke3 Ra3+ 46. Kf4 Ra4+ 47. Kf5 Ra5+ 48. Kg4 Nf7 49. Rxf7 Kxf7 50. Nh5 Kg6 51. Nf4+ Kf6 52. Nh5+ Ke5 53. Nf4 Ke4 54. Nh5 Ra6 55. Nf4 Rb6 56. Kh5 Kf3 57. Ng6 Kxg3 58. Kxh6 Kg4 59. h5 Rb5 60. Nf4 Kxf4 61. Kg6 Rg5+ 0-1

[Event "Muensterland Regionalliga 1314"]
[Site "Germany"]
[Date "2014.01.18"]
[Round "5.5"]
[White "Robeling, Stephan"]
[Black "Luecke, Thomas"]
[Result "1/2-1/2"]
[WhiteElo "1920"]
[BlackElo "1859"]
[PlyCount "51"]
[EventDate "2013.09.07"]
[EventType "team-tourn"]
[EventRounds "9"]
[EventCountry "GER"]
[SourceTitle "EXT 2015"]
[Source "ChessBase"]
[SourceDate "2014.11.20"]
[SourceVersion "1"]
[SourceVersionDate "2014.11.20"]
[SourceQuality "1"]
[WhiteTeam "Bocholt"]
[BlackTeam "Emsdetten Rochade"]
[WhiteTeamCountry "GER"]
[BlackTeamCountry "GER"]

1. d4 Nf6 2. c4 d5 3. cxd5 Nxd5 4. e4 Nf6 5. Nc3 e6 6. Nf3 Be7 7. Bd3 c6 8. 0-0 Nbd7 9. Bf4 h6 10. Rc1 Nb6 11. Nb5 Nbd5 12. Be5 cxb5 13. Bxb5+ Bd7 14. Bxd7+ Qxd7 15. exd5 Qxd5 16. Qa4+ b5 17. Qa6 0-0 18. Rc7 Nd7 19. Rfc1 Bd8 20. R7c2 Nxe5 21. dxe5 Bg5 22. Nxg5 hxg5 23. Rc5 Qd2 24. g3 Qxb2 25. Rd1 Qe2 26. Rd7 1/2-1/2

[Event "Muensterland Regionalliga 1314"]
[Site "Germany"]
[Date "2013.11.16"]
[Round "3.6"]
[White "Langendijk, Andre"]
[Black "Robeling, Stephan"]
[Result "1-0"]
[WhiteElo "1879"]
[BlackElo "1920"]
[PlyCount "51"]
[EventDate "2013.09.07"]
[EventType "team-tourn"]
[EventRounds "9"]
[EventCountry "GER"]
[SourceTitle "EXT 2015"]
[Source "ChessBase"]
[SourceDate "2014.11.20"]
[SourceVersion "1"]
[SourceVersionDate "2014.11.20"]
[SourceQuality "1"]
[WhiteTeam "Gronau"]
[BlackTeam "Bocholt"]
[WhiteTeamCountry "GER"]
[BlackTeamCountry "GER"]

1. d4 Nf6 2. Bg5 d5 3. e3 e6 4. Nd2 Be7 5. Bd3 c5 6. c3 Nc6 7. f4 Bd7 8. Ngf3 a6 9. 0-0 h6 10. Bxf6 gxf6 11. f5 e5 12. dxe5 fxe5 13. e4 d4 14. a4 Bg5 15. Nc4 f6 16. Nh4 Bxh4 17. Qh5+ Ke7 18. Qxh4 b5 19. axb5 axb5 20. Rxa8 Qxa8 21. Nb6 Qb7 22. Nd5+ Ke8 23. Qxf6 Rf8 24. Qd6 Rh8 25. Bxb5 dxc3 26. bxc3 1-0

[Event "Muensterland Regionalliga 1314"]
[Site "Germany"]
[Date "2013.10.05"]
[Round "2.7"]
[White "Freise, Eckhard"]
[Black "Robeling, Stephan"]
[Result "0-1"]
[WhiteElo "1845"]
[BlackElo "1920"]
[PlyCount "138"]
[EventDate "2013.09.07"]
[EventType "team-tourn"]
[EventRounds "9"]
[EventCountry "GER"]
[SourceTitle "EXT 2015"]
[Source "ChessBase"]
[SourceDate "2014.11.20"]
[SourceVersion "1"]
[SourceVersionDate "2014.11.20"]
[SourceQuality "1"]
[WhiteTeam "Muenster SK III"]
[BlackTeam "Bocholt"]
[WhiteTeamCountry "GER"]
[BlackTeamCountry "GER"]

1. d4 Nf6 2. c4 e6 3. Nf3 d5 4. g3 Be7 5. Bg2 0-0 6. Qc2 c6 7. 0-0 Nbd7 8. Nbd2 Re8 9. b3 Bf8 10. Bb2 g6 11. Rac1 a5 12. Rfd1 a4 13. c5 Bg7 14. h3 Kh8 15. Ne5 Nxe5 16. dxe5 Nd7 17. Nf3 Qa5 18. Rd4 axb3 19. axb3 Qc7 20. Ng5 Nxe5 21. Rh4 h5 22. Bxe5 Bxe5 23. Rxh5+ Kg8 24. Rh4 Bf6 25. Qd2 e5 26. Ra4 Rxa4 27. bxa4 e4 28. h4 e3 29. Qb4 exf2+ 30. Kxf2 Qe5 31. Qd2 Bxg5 32. hxg5 Qf5+ 33. Qf4 Re5 34. e3 Qxg5 35. Qxg5 Rxg5 36. Bf3 Re5 37. Rb1 Re7 38. a5 Kg7 39. Rb4 Kf6 40. Rf4+ Ke5 41. Rb4 Bf5 42. Ke2 Be4 43. Kf2 f5 44. g4 Rh7 45. gxf5 Kxf5 46. Bxe4+ dxe4 47. Kg3 g5 48. Rb6 g4 49. a6 bxa6 50. Rxa6 Rh3+ 51. Kf2 g3+ 52. Kg2 Kg4 53. Rxc6 Rh2+ 54. Kg1 Kf3 55. Rg6 Rc2 56. Rf6+ Kxe3 57. c6 Ke2 58. Kg2 Rc3 59. Rg6 Kd2 60. Rd6+ Ke1 61. Rg6 Ke2 62. Rd6 e3 63. Kxg3 Ke1 64. Kg2 e2 65. Kg1 Rg3+ 66. Kh2 Kf2 67. c7 e1Q 68. Rf6+ Rf3 69. Rxf3+ Kxf3 0-1

[Event "Muensterland Verbandsliga 1112"]
[Site "Germany"]
[Date "2011.10.15"]
[Round "2.4"]
[White "Kemper, Georg"]
[Black "Robeling, Stephan"]
[Result "0-1"]
[WhiteElo "1928"]
[BlackElo "1871"]
[PlyCount "84"]
[EventDate "2011.09.24"]
[EventType "team-tourn"]
[EventRounds "9"]
[EventCountry "GER"]
[SourceTitle "EXT 2013"]
[Source "ChessBase"]
[SourceDate "2012.11.22"]
[SourceVersion "1"]
[SourceVersionDate "2012.11.22"]
[SourceQuality "1"]
[WhiteTeam "Nienberge"]
[BlackTeam "Bocholt"]
[WhiteTeamCountry "GER"]
[BlackTeamCountry "GER"]

1. d4 Nf6 2. c4 e6 3. g3 d6 4. Nf3 Nbd7 5. Bg2 Be7 6. Nc3 0-0 7. Bf4 Nh5 8. e4 Nxf4 9. gxf4 e5 10. dxe5 dxe5 11. Nxe5 Nxe5 12. Qxd8 Rxd8 13. fxe5 c6 14. Ke2 Be6 15. b3 Bg5 16. Rad1 Bf4 17. h3 Bxe5 18. Rxd8+ Rxd8 19. Rd1 Rxd1 20. Nxd1 f5 21. Ke3 f4+ 22. Ke2 Kf7 23. f3 Bd4 24. Nf2 Bxf2 25. Kxf2 Kf6 26. Bf1 Ke5 27. Ke2 Kd4 28. Kd2 g5 29. Bg2 h5 30. Bf1 c5 31. Bg2 b6 32. Bf1 g4 33. hxg4 hxg4 34. Ke2 Kc3 35. Bg2 g3 36. Bf1 Kb2 37. Kd3 Kxa2 38. Kc3 Ka3 39. Bg2 a6 40. Bf1 b5 41. Bg2 bxc4 42. bxc4 a5 0-1

[Event "Muensterland Verbandsliga 1011"]
[Site "Germany"]
[Date "2011.02.05"]
[Round "6.6"]
[White "Robeling, Stephan"]
[Black "Beyer, Dietmar"]
[Result "1/2-1/2"]
[WhiteElo "1873"]
[BlackElo "2000"]
[PlyCount "48"]
[EventDate "2010.09.25"]
[EventType "team-tourn"]
[EventRounds "9"]
[EventCountry "GER"]
[SourceTitle "EXT 2012"]
[Source "ChessBase"]
[SourceDate "2011.11.24"]
[SourceVersion "1"]
[SourceVersionDate "2011.11.24"]
[SourceQuality "1"]
[WhiteTeam "Bocholt"]
[BlackTeam "Heiden"]
[WhiteTeamCountry "GER"]
[BlackTeamCountry "GER"]

1. d4 d6 2. e4 Nf6 3. Nc3 c6 4. a4 Nbd7 5. Nf3 e5 6. dxe5 dxe5 7. Bc4 h6 8. h3 Be7 9. Be3 Qc7 10. Qe2 0-0 11. 0-0 Nc5 12. Nd2 Ne6 13. Bxe6 Bxe6 14. f4 exf4 15. Rxf4 Nd7 16. Rff1 Bc5 17. Bxc5 Nxc5 18. e5 Rad8 19. Kh1 Rfe8 20. Nf3 a5 21. b3 Bd5 22. Nxd5 Rxd5 23. Rad1 Red8 24. Rxd5 Rxd5 1/2-1/2

[Event "Muensterland Verbandsliga 0910"]
[Site "Germany"]
[Date "2009.09.26"]
[Round "1.3"]
[White "Robeling, Stephan"]
[Black "Meyer, Ulrich"]
[Result "0-1"]
[WhiteElo "1889"]
[BlackElo "1886"]
[PlyCount "128"]
[EventDate "2009.09.26"]
[EventType "team-tourn"]
[EventRounds "9"]
[EventCountry "GER"]
[SourceTitle "EXT 2011"]
[Source "ChessBase"]
[SourceDate "2010.11.26"]
[SourceVersion "1"]
[SourceVersionDate "2010.11.26"]
[SourceQuality "1"]
[WhiteTeam "Bocholt"]
[BlackTeam "Sendenhorst"]
[WhiteTeamCountry "GER"]
[BlackTeamCountry "GER"]

1. d4 d5 2. c4 dxc4 3. e3 Nf6 4. Bxc4 Bf5 5. Qb3 e6 6. Qxb7 Be4 7. Qb5+ Bc6 8. Qg5 h6 9. Qg3 Ne4 10. Qh3 Ng5 11. Qg3 Ne4 12. Qh3 Bb4+ 13. Kf1 Ng5 14. Qg4 Nd7 15. Qe2 0-0 16. Bd2 Qe7 17. a3 Bd6 18. Nc3 Nb6 19. Bd3 e5 20. h4 Ne6 21. dxe5 Bxe5 22. Nf3 Nc5 23. Bc2 Rad8 24. Rd1 Bb7 25. b4 Ba6 26. b5 Bb7 27. a4 Bf6 28. a5 Nc8 29. Qc4 a6 30. Na4 Nxa4 31. Qxa4 Nd6 32. b6 cxb6 33. axb6 Qe6 34. Bb3 Qf5 35. Bc2 Ne4 36. Ke2 Rxd2+ 37. Rxd2 Nc3+ 38. Kf1 Qh5 39. Qf4 Qb5+ 40. Kg1 Ne2+ 41. Rxe2 Qxe2 42. Qf5 Rd8 43. Rh3 Qb5 44. Qxb5 axb5 45. Nd4 Bxd4 46. exd4 Rxd4 47. Rd3 Rxd3 48. Bxd3 b4 49. Kf1 Kf8 50. Ke1 Ke7 51. Kd2 Kd6 52. g4 Kc5 53. g5 Kxb6 54. Bc4 f6 55. Ke3 Kc5 56. Ba2 Bd5 57. Bb1 Kc4 58. Kf4 Be6 59. Ke4 Kc3 60. f4 b3 61. f5 Bg8 62. g6 b2 63. Bd3 Bb3 64. Bb1 Bc2+ 0-1

[Event "Muensterland Verbandsliga 0809"]
[Site "Germany"]
[Date "2009.01.31"]
[Round "6.5"]
[White "Robeling, Stephan"]
[Black "Niermann, Rainer"]
[Result "1/2-1/2"]
[WhiteElo "1869"]
[BlackElo "2125"]
[PlyCount "97"]
[EventDate "2008.09.20"]
[EventType "tourn"]
[EventRounds "9"]
[EventCountry "GER"]
[SourceTitle "EXT 2010"]
[Source "ChessBase"]
[SourceDate "2010.11.25"]
[SourceVersion "1"]
[SourceVersionDate "2010.11.25"]
[SourceQuality "1"]
[WhiteTeam "Bocholt"]
[BlackTeam "Muenster SK II"]
[WhiteTeamCountry "GER"]
[BlackTeamCountry "GER"]

1. d4 e6 2. c4 c5 3. d5 exd5 4. cxd5 Nf6 5. Nc3 d6 6. e4 g6 7. Nf3 Bg7 8. Be2 0-0 9. 0-0 Re8 10. Nd2 a6 11. a4 Nbd7 12. Qc2 Rb8 13. h3 Qc7 14. Rb1 c4 15. Bxc4 b5 16. axb5 axb5 17. Bd3 b4 18. Ne2 Qxc2 19. Bxc2 Nc5 20. Nd4 Ba6 21. Re1 Nxd5 22. N2b3 Nf6 23. Bf4 Nfxe4 24. f3 g5 25. Bh2 Nd2 26. Rbd1 Ndxb3 27. Nxb3 Nxb3 28. Bxb3 Rxe1+ 29. Rxe1 Rd8 30. Re7 d5 31. Bc7 Bd4+ 32. Kh1 Rf8 33. Bxd5 Bf6 34. Re4 Rc8 35. Be5 Bxe5 36. Rxe5 h6 37. Re7 Bc4 38. Bxc4 Rxc4 39. Rb7 Kg7 40. Rb6 h5 41. b3 Rd4 42. Kg1 f6 43. Kf1 Kg6 44. Rb5 h4 45. Ke2 Kf7 46. Ke3 Rf4 47. Rc5 Ke6 48. Rb5 Kd6 49. Ra5 1/2-1/2

[Event "Muensterland Verbandsliga 0708"]
[Site "Germany"]
[Date "2008.01.12"]
[Round "5.5"]
[White "Robeling, Stephan"]
[Black "Hoge, Reinhard"]
[Result "0-1"]
[WhiteElo "1860"]
[BlackElo "1943"]
[PlyCount "60"]
[EventDate "2007.09.08"]
[EventType "team-tourn"]
[EventRounds "9"]
[EventCountry "GER"]
[SourceTitle "EXT 2009"]
[Source "ChessBase"]
[SourceDate "2008.11.26"]
[SourceVersion "1"]
[SourceVersionDate "2008.11.26"]
[SourceQuality "1"]
[WhiteTeam "Bocholt"]
[BlackTeam "Saerbeck"]
[WhiteTeamCountry "GER"]
[BlackTeamCountry "GER"]

1. d4 Nf6 2. Nf3 g6 3. g3 Bg7 4. Bg2 0-0 5. 0-0 d6 6. c4 c5 7. Nc3 Nc6 8. e3 a6 9. Qe2 Rb8 10. Rd1 Qc7 11. h3 Bd7 12. Kh2 Na5 13. d5 b5 14. cxb5 axb5 15. Qc2 b4 16. Nb1 b3 17. axb3 Bf5 18. Qe2 Nxb3 19. Qa6 Nxa1 20. Qxa1 Ra8 21. Na3 Be4 22. Ne1 Bxg2 23. Nxg2 Qb7 24. Qa2 Rfb8 25. Qc4 Qb3 26. Rd3 Qxc4 27. Nxc4 Rb4 28. b3 Ra2 29. f3 Nd7 30. Bd2 Rxc4 0-1

[Event "Muensterland Verbandsliga 0607"]
[Site "Germany"]
[Date "2007.05.05"]
[Round "9.4"]
[White "Robeling, Stephan"]
[Black "Weber, Hubert"]
[Result "0-1"]
[WhiteElo "1885"]
[BlackElo "1949"]
[PlyCount "44"]
[EventDate "2006.09.16"]
[EventType "team-tourn"]
[EventRounds "9"]
[EventCountry "GER"]
[SourceTitle "EXT 2008"]
[Source "ChessBase"]
[SourceDate "2007.11.25"]
[SourceVersion "1"]
[SourceVersionDate "2007.11.25"]
[SourceQuality "1"]
[WhiteTeam "Bocholt"]
[BlackTeam "Olfen"]
[WhiteTeamCountry "GER"]
[BlackTeamCountry "GER"]

1. d4 Nf6 2. Nf3 d6 3. c4 g6 4. Nc3 Bg7 5. g3 0-0 6. Bg2 Nbd7 7. e4 e5 8. d5 Nc5 9. Qc2 a5 10. 0-0 Ne8 11. Nd2 a4 12. Rb1 f5 13. f3 Bh6 14. Re1 Nf6 15. Nf1 Bxc1 16. Rbxc1 fxe4 17. fxe4 Ng4 18. Nd1 Qg5 19. h3 Nf6 20. Nf2 Nh5 21. Re3 Bd7 22. Nd3 Rxf1+ 0-1

[Event "Muensterland Verbandsklasse-A 0506"]
[Site "Germany"]
[Date "2006.04.08"]
[Round "8.7"]
[White "Beckmann, Christian"]
[Black "Robeling, Stephan"]
[Result "1/2-1/2"]
[WhiteElo "1700"]
[BlackElo "1833"]
[PlyCount "51"]
[EventDate "2005.09.03"]
[EventType "team-tourn"]
[EventRounds "9"]
[EventCountry "GER"]
[SourceTitle "EXT 2006"]
[Source "ChessBase"]
[SourceDate "2005.11.24"]
[SourceVersion "1"]
[SourceVersionDate "2005.11.24"]
[SourceQuality "1"]
[WhiteTeam "Ahaus Wessum"]
[BlackTeam "Bocholt"]
[WhiteTeamCountry "GER"]
[BlackTeamCountry "GER"]

1. e4 e6 2. d4 d5 3. exd5 exd5 4. c4 Nf6 5. Nc3 c6 6. Nf3 h6 7. Qb3 Be7 8. cxd5 cxd5 9. Bb5+ Nc6 10. Ne5 Bd7 11. 0-0 Nxd4 12. Bxd7+ Nxd7 13. Qxd5 Nxe5 14. Qxe5 0-0 15. Nd5 Nc6 16. Qe4 Re8 17. Be3 Qa5 18. Rfd1 Rad8 19. Bb6 axb6 20. Nxe7+ Nxe7 21. Rxd8 Rxd8 22. Qxe7 Qd5 23. h3 Rc8 24. Qb4 Rc6 25. a3 Rg6 26. g3 1/2-1/2